000 00378nam a2200169Ia 4500
003 0STCL
008 150530s9999 xx 000 0 und d
040 _aSTCL
_cSTCL
100 _aMark Minasi
245 _aComplete PC upgrade and Maintenance guide
250 _aSecond
260 _c1993
546 _aEnglish
942 _2ddc
_cBK
999 _c902
_d902
005 20220125160208.0